| 000 | nam a22 7a 4500 | ||
|---|---|---|---|
| 999 |
_c29359 _d29359 |
||
| 008 | 171205b xxu||||| |||| 00| 0 eng d | ||
| 020 | _a9789966364560 | ||
| 050 | _aLB 1143 .N52 2013 | ||
| 100 | _d2013 | ||
| 245 | _aChild growth and development II (3-8years) | ||
| 260 |
_aNairobi: _bLonghorn, _c2013. |
||
| 300 |
_aviii,110.p _c22cm |
||
| 942 |
_2lcc _cAFRICANA _hLB 1143 .N52 2013 |
||